000 00414nam a22001697a 4500
005 20240402160947.0
008 160511b xxu||||| |||| 00| 0 eng d
020 _a978-0-07070057-4
041 _aeng
082 _b1320
100 _aBartlett, Dean
_98422
245 _aStress Perspectives and Processes
260 _aNew Delhi
_bTata MC Graw Hill,
_c2010
300 _a173
650 _aManagement
942 _cBK
999 _c583
_d583